Mysteries of the Unexplained Quiz Stats

Quiz Updated Feb 11, 2016

Challenge
Share
Tweet
Score 0/16 Timer 04:00
1 Play Today
Number Phenomena % Correct
3Bermuda Triangle
93.7%
11Ghosts
93.2%
15Unidentified Flying Object
90.3%
5Crop Circles
86.4%
8Extraterrestrial life
85.8%
7Levitation
79.3%
9Hypnosis
69.7%
10Ouija Boards
63.5%
Number Phenomena % Correct
4Psychokinesis and Telepathy
60.1%
1Spontaneous Human Combustion
55.1%
12Out-of-body Experience
50.5%
13Séance
49.1%
14Nostradamus Prophecies
43.3%
16Stigmata
43.1%
6Dowsing
32.5%
223 Enigma
30.8%

You're not logged in!

Compare scores with friends on all Sporcle quizzes.
Join for Free
OR
Log In

You Might Also Like...

Show Comments

Extras

Top Quizzes Today


Score Distribution

Your Account Isn't Verified!

In order to create a playlist on Sporcle, you need to verify the email address you used during registration. Go to your Sporcle Settings to finish the process.

Report this User

Report this user for behavior that violates our Community Guidelines.

Details: